[Event "Palma de Mallorca FIDE GP"]
[Site "Palma de Mallorca"]
[Date "2017.11.22"]
[Round "6"]
[White "Gelfand, Boris"]
[Black "Inarkiev, Ernesto"]
[Result "0-1"]
[WhiteElo "2719"]
[BlackElo "2683"]
[Annotator "Marin,M"]
[PlyCount "74"]
[EventDate "2017.11.16"]
[EventType "swiss"]
[EventRounds "9"]
[EventCountry "ESP"]
[SourceTitle "CBM 182"]
[Source "ChessBase"]
[SourceDate "2018.01.17"]
[SourceVersion "1"]
[SourceVersionDate "2018.01.17"]
[SourceQuality "1"]

1. c4 Nf6 2. Nc3 e5 3. Nf3 Nc6 4. g3 Bb4 5. Bg2 O-O 6. O-O d6 {Apparently
tired of the main lines.} 7. d3 ({White can also choose a more ambitious setup
with} 7. Nd5 Bc5 8. e3 a6 9. b3 {Turov,M (2658)-Savchenko,S (2541) Metz 2012
EXT 2013 (1-0, 41) [Metz Alekhine/Primel,D]. True, he gives up the plan based
on b2-b4-b5 but has better control in the centre.}) 7... Re8 ({Black does not
need to prevent Bg5 yet, even though} 7... h6 {is quite popular.} 8. Na4 (8.
Bd2 a5 {Laznicka,V (2677)-Topalov,V (2769) Novy Bor 2013 CBM 157 (1-0, 39) [CB]
}) (8. Nd5 Bc5 9. e3 Bb6 {Eljanov,P (2702)-Sutovsky,E (2660) Poikovsky 2013
CBM 156 (1-0, 50) [CB]}) 8... a5 9. b3 Qe7 (9... Re8 10. Bb2 Bf5 11. e3 {
Svidler,P (2757)-Nakamura,H (2790) Moscow 2016 CBM 172 (½-½, 30) [Sagar Shah/
CB Website]}) 10. Bb2 Bc5 11. e3 {Aronian,L (2786)-Topalov,V (2780) Moscow
2016 CBM 172 [Mekhitarian,K] (½-½, 58)}) 8. Nd5 ({It appears that} 8. Bg5 {
is not too threatening.} Bxc3 {Of course, Black needs to prevent Nd5.} 9. bxc3
h6 10. Bh4 $5 ({An ambitious but double-edged move. Black has enough
positional resources after} 10. Bxf6 Qxf6 11. Nd2 Bd7 12. Qc2 Rab8 13. f4 Qg6
14. e4 b5 15. cxb5 Rxb5 $132 {Khmelniker,I (2493)-Eljanov,P (2741) Douglas
2016 (½-½, 42)}) 10... Rb8 ({Optically,} 10... g5 11. Nxg5 hxg5 12. Bxg5 {
looks very dangerous for Black. But after} Qe7 {White should probably play for
long term compensation with e2-e4 followed by f2-f4, even though this allows
Black to rid himself of the pin. The point is that} 13. f4 exf4 14. Rxf4 Qe3+
15. Kh1 Nh7 16. Re4 Qxg5 17. Rxe8+ Kg7 {does not look very convincing.}) 11.
Rb1 Bd7 12. h3 Qe7 ({Black could already think of winning the piece for three
pawns with} 12... e4 13. dxe4 g5 14. Nxg5 hxg5 15. Bxg5 Qe7 16. f4 Qe6 {
The position remains unclear, as White does not have a clear way of developing
his initiative:} 17. f5 Qe5 18. Rb5 Qxc3 19. Rb3 Qe5 {Of course, a draw is
guaranteed, but} 20. Qd2 {is not entirely clear. The explanation why White had
to give up the c3-pawn is revealed by the line} Nxe4 $2 21. Bxe4 Qxe4 22. Bf6
$18 {when Black does not have ...Qe3+.}) 13. g4 {Finally, White has got some
chances for interesting play with equal material.} Nd8 14. Nd2 Bc6 15. Bxc6
Nxc6 16. e3 Qe6 17. d4 Na5 18. d5 Qe7 19. Qf3 g5 20. Bg3 Nd7 21. Qf5 e4 $13 {
Nepomniachtchi,I (2751)-Palac,M (2525) Tbilisi 2017 (½-½, 35), The structure
is interesting but Black can compensate for his weakneses by playing for a
blockade,}) 8... Nxd5 ({In view of the threat Bg5 the only (untested)
alternative is} 8... h6 9. Nxb4 Nxb4 10. a3 Nc6 11. b4 Be6 12. Bb2 Qd7 13. Re1
Bh3 14. Bh1 $14 {with more pleasant white play due to his potentially strong
bishops.}) 9. cxd5 Ne7 (9... Nd4 {leads to a structure slightly favouring
White:} 10. Nxd4 exd4 11. e4 dxe3 12. fxe3 Bc5 13. d4 Bb6 14. a4 a5 15. Qd3 Qe7
16. Rf4 Bd7 17. Bd2 $14 {Naranja,R-Hecht,H Bad Pyrmont 1970 (0-1, 44) Due to
the passive b6-bishop play is rather one-sided at this point in the game, even
though making progress is not simple for White.}) 10. a3 {To my taste, this
approach is too simplistic. The bishop is misplaced on b4 and a3, b4 is not
such a threatening plan.} (10. d4 {as previously tried by Gelfand himself
leads to more interesting play.} e4 11. Ng5 h6 (11... f5 $2 12. Qa4 {[%cal
Ga2a3] traps the bishop.}) (11... Nxd5 12. Qb3 c6 13. Bxe4 $16 {also wins
material.}) 12. Nxe4 Nxd5 13. a3 Ba5 14. Nd2 Nf6 15. Nc4 ({The following game
features an interesting plan, offering White some very light but lasting
queenside initiative:} 15. b4 Bb6 16. e3 c6 17. a4 a5 18. bxa5 Bxa5 19. Qc2 d5
20. Nb3 Bc7 21. Bd2 Bg4 22. a5 Be2 23. Rfb1 Ne4 24. Nc5 Nxc5 25. Qxc5 Ba6 26.
Bf1 Bd6 27. Qb6 Bc7 28. Qc5 Bd6 29. Qb6 Bc7 30. Qb3 Bxf1 31. Kxf1 Ra7 32. Qd3
Qa8 33. Bc3 Qc8 34. Kg2 h5 35. h4 g6 36. Rb3 Qg4 37. Rab1 {Dubov,D (2683)
-Romanov,E (2626) St Petersburg 2017 (1-0, 83) and White eventually managed to
trade the a5-pawn for the b7-pawn, with very pleasant play.}) 15... c6 16. Nxa5
Qxa5 17. f3 d5 18. Qc2 Qb6 19. e3 Nd7 20. Bd2 c5 21. Rae1 ({This pawn
sacrifice is sound but does not offer more than equalising compensation.} 21.
dxc5 {looks more promising:} Nxc5 22. b4 Ne6 23. Qd3 Bd7 24. a4 $14 {and the
two bishops could tell in the endgame.}) 21... cxd4 22. exd4 Qxd4+ 23. Kh1 Nf6
24. Bc3 Qc5 25. Qd2 Bf5 26. g4 Bg6 27. Bd4 Qd6 28. Bxf6 Qxf6 29. Qxd5 Qxb2 30.
f4 Red8 31. Qxb7 Qxb7 32. Bxb7 {½-½ Gelfand,B (2737)-Wojtaszek,R (2737)
Heraklio 2017}) ({Another game by Dubov (quite a successful player with this
line) went} 10. Nd2 c6 11. dxc6 Nxc6 12. a3 Bxd2 13. Bxd2 d5 14. Rc1 Be6 15. b4
Qd7 {The structure is similar to that from the main game, but White has the
bishop pair, which could make a difference at a later stage.} 16. e3 a6 17. Rc5
Rac8 18. b5 Ne7 19. Rxc8 Rxc8 20. bxa6 bxa6 21. Qa1 f6 22. Rc1 Bh3 23. Rxc8+
Qxc8 24. Bxh3 Qxh3 25. Bb4 Nc6 $2 ({This simply loses a pawn. Black seems to
have no problem holding his centre together after} 25... Qd7 $11) 26. Qa2 Qd7
27. e4 Nd4 28. Bc3 Nb5 29. Bd2 h5 30. exd5 $16 {Dubov,D (2660)-Wojtaszek,R 
(2749) Doha 2016 (1-0, 44)}) 10... Ba5 (10... Bc5 $6 {allows White to breaking
the centre under optima circumstances:} 11. d4 exd4 12. Nxd4 Nf5 13. Nc2 Qf6
14. b4 Bb6 15. Rb1 Re7 16. Bb2 Qg6 {Adamski,J-Sydor,A Polanica Zdroj 1969 
(½-½, 19)} 17. e4 Nh6 18. a4 a5 19. Bd4 Bxd4 20. Nxd4 $16 {with strong
pressure against Black's queenside backward pawns.}) 11. b4 Bb6 12. Nd2 c6 13.
dxc6 Nxc6 (13... bxc6 {is also playable, but the c-pawn may become a source of
worries.} 14. Nc4 Bd4 15. Rb1 d5 16. Na5 Bb6 17. Bd2 c5 (17... Bxa5 18. bxa5
$14 {turns the more advanced of the a-pawns into a strength, as a7 is
permanently vulnerable. White is going to block on c5 and due to his flexible
structure he is likely to prevent any black pawn counterplay.}) 18. Bc3 f6 {
Zhao,Z (2583)-Olape,B (2256) Khanty-Mansiysk 2010 (1-0, 38)} 19. Nc4 $5 Be6 20.
Nxb6 axb6 21. a4 $14 {Once again Black's centre is too static while the white
bishops are strong.}) 14. Bb2 a6 $1 $146 ({It is important to keep the bishop
on its actual diagonal so as to discourage d3-d4. If} 14... Bg4 15. Rc1 Qd7 16.
Nc4 d5 (16... Bc7 17. Ne3 $14 {[%cal Gd3d4,Gb4b5,Ge3d5]}) 17. Nxb6 axb6 18. Re1
$14 {Primakov,V (2397)-Girard,E (2404) ICCF email 2012 (½-½, 39)}) 15. Rc1
Be6 16. e3 Qd7 17. Nc4 Ba7 {Black is flexibly regrouped and has more space in
the centre. White's main chance lies on the queenside, but Gelfand's next move
proves premature.} 18. a4 {Possibly played by intuition, without concrete
calculation, or else based on a miscalculation.} ({Of course White could play} 
18. d4 {but this would lead to almost perfect equality:} exd4 19. exd4 d5 20.
Ne3 $11) 18... Nxb4 $1 {Not fearing any ghosts.} 19. Ba3 a5 20. Nxa5 Na2 $1 {
The point behind Black's counterplay.} (20... Nd5 $2 21. Nc4 $16 {would be
crushing.}) 21. Rc4 $2 {[%cal Gg2b7] Gelfand requires from the position more
than it can offer. Once again this looks like an intuitive move, aiming at
trapping the knight, but concretely it loses material.} ({True,} 21. Ra1 {
does not look entirely satisfactory either:} Bxe3 $1 {This requires some
accurate calculating.} ({But as a safety network, Black has} 21... Bc5 22. Nc4
Bxa3 23. Rxa2 Bc5 24. Qb1 $11) 22. fxe3 Rxa5 23. Rxa2 Bxa2 24. Qd2 Qxa4 25.
Qxa2 Rf8 26. Ra1 Rfa8 $17) 21... Bxe3 $6 {Under the given circumstances this
move works out less well, allowing White getting out of deep trouble unscathed.
} (21... d5 $5 22. Rh4 Nc3 23. Qh5 h6 24. Bb2 d4 25. exd4 Bxd4 26. Nc4 Bxc4 27.
dxc4 Rxa4 $15) ({The surprising} 21... e4 $1 {is even stronger:} 22. Rxe4 (22.
dxe4 Bb8 {wins one of the hanging pieces}) (22. Bxe4 Bxc4 23. Nxc4 d5 $17)
22... Nc3 23. Qh5 Nxe4 24. Bxe4 g6 $17 {with no obvious compensation fo the
exchange as his pieces are a bit chaotically placed and the knight has no
comfortable way to retreat.}) 22. Nxb7 $2 ({With the rook controlling c6,} 22.
Bxb7 $1 {would have maintained the material equality, for instance} Rxa5 23.
Bc6 Qc8 24. Bxe8 Bxc4 25. dxc4 Bd4 26. Qd2 Ra7 27. Bb5 Nc3 $13) 22... Bxc4 23.
dxc4 Bd4 $17 {White is an exchange down and his hanging minor pieces prevent
him from retrieving material.} 24. Nxd6 Nc3 25. Qh5 ({Or if} 25. Qd2 Rxa4 26.
Nxe8 Rxa3 27. Qb2 Qa7 (27... Ra7 28. Qb8 $18) 28. Nd6 {the knight escapes, but
the f2-pawn is doomed:} Ra2 29. Qb7 Bxf2+ 30. Kh1 Qxb7 31. Bxb7 Rd2 $17 {
with excellent winning chances despite the opposite-coloured bishops.}) 25...
Rxa4 26. Nxe8 (26. Bh3 Qe7 {does not change much.}) 26... Rxa3 $19 {The forced
line has ended by trapping the white knight.} 27. Nxg7 {Unfortunately, not
enough for a draw by perpetual.} Kxg7 28. Qg5+ Kf8 29. Qh6+ Ke7 30. Qxh7 Qg4
31. Qh6 Ra2 32. Qc6 Qf5 33. c5 Kf8 34. Kh1 Kg7 35. f4 e4 36. g4 Qxg4 37. Bxe4
Ne2 0-1

[Event "EU-chT (Men) 19th"]
[Site "Warsaw"]
[Date "2013.11.11"]
[Round "4.7"]
[White "Nevednichy, Vladislav"]
[Black "Gdanski, Jacek"]
[Result "1-0"]
[WhiteElo "2590"]
[BlackElo "2518"]
[Annotator "Marin,M"]
[PlyCount "91"]
[EventDate "2013.11.08"]
[EventType "team-swiss"]
[EventRounds "9"]
[EventCountry "POL"]
[SourceTitle "CBM 158"]
[Source "ChessBase"]
[SourceDate "2014.01.16"]
[SourceVersion "1"]
[SourceVersionDate "2014.01.16"]
[SourceQuality "1"]
[WhiteTeam "Romania"]
[BlackTeam "Poland Goldies"]
[WhiteTeamCountry "ROU"]
[BlackTeamCountry "POL"]

1. c4 e5 2. g3 Nf6 3. Bg2 d5 4. cxd5 Nxd5 5. Nc3 Nb6 6. Nf3 Nc6 7. O-O Be7 8.
a3 O-O 9. d3 ({There have been many more victims of the trick with the
following move order:} 9. b4 Be6 10. Rb1 f6 11. d3 a5 12. b5 Nd4 13. Nd2 Nd5 $4
{I have inserted just some fragments of games to give an overview of the
number of strong players who have fallen into it! And you will notice that
White did not always win, which can be explained only by premature relaxation.}
14. Bxd5 (14. Bb2 $4 {Yes, many passed by the chance offered with their eyes
closed...} Nxc3 15. Bxc3 Bd5 16. Bxd4 (16. Bxd5+ {1-0 (75) Smirnov,P (2523)
-Melnikov,Y (1978) Pavlodar 2010}) (16. a4 {1/2 (83) Dobrovolsky,L (2395)-Nun,
J (2430) CSR 1991}) 16... Bxg2 {0-1 (52) Diermair,A (2432)-Radnetter,G (2257)
Oberwart 2011}) 14... Bxd5 15. e3 $16 {In some games, Black resigned here,
which may be a bit premature. White needs to work a bit before collecting the
point.} Be6 (15... Bf7 16. exd4 Qxd4 17. Nde4 f5 18. Ne2 Qd7 19. N4c3 Rad8 20.
Bb2 Bh5 (20... f4 {1-0 (38) Georgiev,K (2675)-Goldin,A (2590) Vrnjacka Banja
1998}) 21. f3 {1-0 (41) Pelletier,Y (2596)-Gozzoli,Y (2524) Guingamp 2010}) 16.
exd4 Qxd4 17. Nde4 Rfd8 18. b6 (18. Be3 Qxd3 {1/2 (27) Vaulin,A (2510)
-Karpeshov,O (2295) Pavlodar 1991}) 18... c6 (18... cxb6 {0-1 (49) Kosten,A 
(2519)-Das,A (2367) Sautron 2007 EXT 2008 [RR]}) 19. Be3 {1-0 (45) Lafuente,P 
(2565)-Malisauskas,V (2510) Khanty-Mansiysk 2010}) 9... Be6 10. b4 f6 {Played
at such an early stage, this consolidating move offers White a tempo for
building up his initiative.} ({The critical continuations are} 10... a5 11. b5
Nd4) ({and} 10... Nd4) 11. Bb2 a5 12. b5 Nd4 13. Nd2 {Nothing tragic for Black
so far, but...} Nd5 $4 {But now it gets tragic indeed.} 14. Bxd5 (14. Nxd5 $4 {
1-0 (50) Lecuyer,C (2230)-Marchadour,E (2067) France 2006}) (14. a4 $4 {
1-0 (52) Raicevic,I (2303)-Zlatanovic,Z (2203) Golubac 2008}) 14... Bxd5 15. e3
{Black's situation is even worse here than in the lines above, since Bb2 is
more useful from the development point of view than Rb1.} Nf5 16. e4 Be6 17.
exf5 Bxf5 18. Qb3+ Kh8 19. Nce4 a4 20. Qc4 Qd7 21. Rfc1 Rfc8 22. d4 Be6 23. Nc5
Bxc5 24. Qxc5 Ra5 25. Qc3 Rxb5 26. dxe5 Rxe5 27. Nf1 Bd5 28. Qd2 Qh3 29. f3 Re6
30. Qxd5 Re2 31. f4 c6 32. Qf3 Rxb2 33. Re1 h6 34. Re3 Rd8 35. Rae1 Rd4 36.
R1e2 Rb1 37. Re1 Rb2 38. R3e2 Rb3 39. Qf2 Rdd3 40. Qc5 Kh7 41. Re7 Qg4 42. Ne3
Qg6 43. Qf5 h5 44. Qe6 Rd2 45. Re8 Rxe3 46. Qg8+ 1-0

[Event "Olympiad-34"]
[Site "Istanbul"]
[Date "2000.11.01"]
[Round "5.1"]
[White "Marin, Mihail"]
[Black "Kveinys, Aloyzas"]
[Result "1-0"]
[WhiteElo "2557"]
[BlackElo "2522"]
[Annotator "Marin,M"]
[PlyCount "115"]
[EventDate "2000.10.28"]
[EventType "team-swiss"]
[EventRounds "14"]
[EventCountry "TUR"]
[SourceTitle "EXT 2001"]
[Source "ChessBase"]
[SourceDate "2000.11.22"]
[SourceVersion "1"]
[SourceVersionDate "2000.11.22"]
[SourceQuality "1"]
[WhiteTeam "Romania"]
[BlackTeam "Lithuania"]
[WhiteTeamCountry "ROU"]
[BlackTeamCountry "LTU"]

1. c4 Nf6 2. Nc3 e5 3. Nf3 Nc6 4. g3 d5 5. cxd5 Nxd5 6. Bg2 Be6 7. O-O Be7 ({
Safer is the normal} 7... Nb6) 8. d4 Nxc3 9. bxc3 e4 10. Ne5 ({Also possible
would have been} 10. Nd2 f5 11. e3 $14 {There is a trick here, known from the
Simagin line of the Sicilian (with reversed colours, of course).} Na5 $2 12.
Nxe4 $1 $16) 10... Nxe5 11. dxe5 Qxd1 12. Rxd1 {><e4} Bf5 13. Rd4 Rd8 14. Be3
Rxd4 (14... c5 15. Ra4) 15. cxd4 f6 16. f4 fxe5 (16... exf3 17. Bxf3 fxe5 18.
Bxb7 $14) 17. fxe5 c6 $6 ({Black probably feared d4-d5, but his move leads to
clear advantage for white. Black has not enough development for such
consolidating pawn moves.} 17... Kd7) 18. Rb1 $16 b6 {><c6} 19. Rf1 Rf8 (19...
O-O 20. Rxf5 Rxf5 21. Bxe4 $16) (19... Bg6 20. Rc1 Kd7 21. Bh3+ Kc7 22. d5 $18)
(19... g6 20. h3 h5 21. g4 hxg4 22. hxg4 Bxg4 23. Bxe4 $18) 20. Rxf5 $1 Rxf5
21. Bxe4 Bg5 $8 22. Bxc6+ Ke7 23. Bxg5+ Rxg5 24. e4 {צg5} Rg6 25. Bb5 a6 $8 (
25... Rg4 26. Bd3 Rg6 (26... b5 27. Kf2) 27. d5 Rg5 28. e6 $18) 26. Bxa6 Rc6
27. Kf2 Rc2+ 28. Ke3 $6 (28. Be2 Rxa2 29. d5 $18) 28... Rxa2 29. Be2 Ra3+ 30.
Kf4 g5+ (30... Ra2 31. Bg4) 31. Kf5 (31. Kxg5 Re3) 31... Re3 32. Bb5 Rb3 (32...
Rf3+ 33. Kxg5 Rb3 34. Bc6 Rb4 35. d5 Rxe4 36. d6+) 33. Bc6 Rf3+ (33... b5 34.
d5 Rf3+ 35. Kg4) 34. Kxg5 $6 (34. Kg4 $142 Re3 (34... Rf1 35. d5) 35. Kxg5 Ke6
36. Kf4 Rc3 37. d5+ $18) 34... Ke6 35. Bb5 h6+ 36. Kg4 (36. Kxh6 Re3 37. Bc6
Rd3 38. d5+ Kxe5) 36... Rf8 37. Bc4+ Ke7 38. d5 Rc8 39. Bb5 Rc5 40. Bc6 b5 41.
Kf5 b4 $132 {Suddenly, I didn't see a clear win and even worse, I thought for
half an hour trying to find a safe way to a draw!} 42. d6+ Kd8 43. Ba4 Ra5 44.
Bb3 Ra3 45. Bd5 Kd7 (45... Rf3+ 46. Kg6 Kd7 (46... Rd3 47. e6 Rxd5 48. exd5 b3
49. Kf7 $18) 47. e6+ $3 {Kveinis} Kxd6 48. e5+ Kxd5 49. e7 $18) 46. Be6+ Kd8 $2
(46... Kc6 47. Kf6 Ra7 (47... h5 48. Ke7 Ra8 49. Bd5+) 48. g4 $18) (46... Ke8
$142) 47. Bd5 $2 (47. Kf6 $18) 47... Kd7 48. Be6+ Kd8 $2 49. Kf6 $18 {After an
exchange of courtesies, I found the winning move.} Rd3 (49... b3 50. Bf5 Ra6
51. e6 Rxd6 52. Kf7 Rd7+ 53. exd7 b2 54. e5 $18) 50. Bf5 Ke8 51. d7+ Rxd7 (
51... Kd8 52. e6 Rd6 53. Kf7 $18) (51... Kf8 52. e6 Rd6 53. e5 $18) 52. Bxd7+
Kxd7 53. Kf7 b3 54. e6+ Kc7 55. e7 b2 56. e8=Q b1=Q 57. Qe5+ Kd7 58. g4 1-0